000 00494nmm a2200169Ia 4500
008 251105s9999||||xx |||||||||||||||||und||
020 _a9788475226071
041 _aspa
100 _aBendetti, Mario
245 0 _aAdioses y bienvenidas :
_b 84 poemas y 80 haikus
264 _a[Madrid, España] :
_bVisor Libros,
_c2006
300 _a148 páginas
490 _aVisor de Poesía
650 _aLatin American poetry
856 _uhttps://public.digitaliapublishing.com/a/76864
942 _cCF
999 _c84979
_d84979